The hieroglyphs handbook : (Record no. 291991)
[ view plain ]
| 000 -LEADER | |
|---|---|
| fixed length control field | 00819nam a2200289Ia 4500 |
| 008 - FIXED-LENGTH DATA ELEMENTS--GENERAL INFORMATION | |
| fixed length control field | 160319s9999 xx 000 0 und d |
| 020 ## - INTERNATIONAL STANDARD BOOK NUMBER | |
| International Standard Book Number | 0-439283132 |
| 050 ## - LIBRARY OF CONGRESS CALL NUMBER | |
| Classification number | 493.1 |
| 050 ## - LIBRARY OF CONGRESS CALL NUMBER | |
| Item number | .A676h 1999 |
| 100 ## - MAIN ENTRY--PERSONAL NAME | |
| Personal name | Ardagh, Philip |
| 245 #4 - TITLE STATEMENT | |
| Title | The hieroglyphs handbook : |
| 245 ## - TITLE STATEMENT | |
| Remainder of title | teach yourself ancient Egyptian / |
| 245 ## - TITLE STATEMENT | |
| Statement of responsibility, etc | Philip Ardagh. |
| 260 ## - PUBLICATION, DISTRIBUTION, ETC. (IMPRINT) | |
| Place of publication, distribution, etc | New York : |
| 260 ## - PUBLICATION, DISTRIBUTION, ETC. (IMPRINT) | |
| Name of publisher, distributor, etc | Scholastic Inc. |
| 260 ## - PUBLICATION, DISTRIBUTION, ETC. (IMPRINT) | |
| Date of publication, distribution, etc | 1999 |
| 300 ## - PHYSICAL DESCRIPTION | |
| Extent | 96 pages ; |
| 300 ## - PHYSICAL DESCRIPTION | |
| Other physical details | illustrations : |
| 300 ## - PHYSICAL DESCRIPTION | |
| Dimensions | 20 cm. |
| 500 ## - GENERAL NOTE | |
| General note | Cover title--The heiroglyphs handbook: teach yourself ancient Egyptian." |
| 650 ## - SUBJECT ADDED ENTRY--TOPICAL TERM | |
| Topical term or geographic name as entry element | Hieroglyphics -- |
| 650 ## - SUBJECT ADDED ENTRY--TOPICAL TERM | |
| Topical term or geographic name as entry element | Egypt -- History -- |
| 650 ## - SUBJECT ADDED ENTRY--TOPICAL TERM | |
| Topical term or geographic name as entry element | Writing -- History -- |
| 650 ## - SUBJECT ADDED ENTRY--TOPICAL TERM | |
| General subdivision | Juvenile literature. |
| 650 ## - SUBJECT ADDED ENTRY--TOPICAL TERM | |
| General subdivision | Juvenile literature. |
| 650 ## - SUBJECT ADDED ENTRY--TOPICAL TERM | |
| General subdivision | Juvenile literature. |
| Withdrawn status | Lost status | Damaged status | Home library | Current library | Shelving location | Date acquired | Total Checkouts | Full call number | Barcode | Date last seen | Price effective from | Koha item type |
|---|---|---|---|---|---|---|---|---|---|---|---|---|
| Stonyhurst Southville International School (Batangas) | Stonyhurst Southville International School (Batangas) | Grade School Section | 03/19/2016 | 493.1 .A676h 1999 | LS-4125 | 03/19/2016 | 03/19/2016 | Books |